Boletín de la Comisión Provincial de Monumentos y de la Institución Fernán González de la Ciudad de Burgos. (Record no. 49512)

MARC details
000 -LEADER
campo de control de longitud fija 01322nas a2200289 i 4500
001 - NÚMERO DE CONTROL
campo de control C00050860c
005 - FECHA Y HORA DE LA ÚLTIMA TRANSACCIÓN
campo de control 20241114090500.0
008 - DATOS DE LONGITUD FIJA--INFORMACIÓN GENERAL
campo de control de longitud fija 041103d19481951sp q r 0 a spa d
080 ## - NÚMERO DE LA CLASIFICACIÓN DECIMAL UNIVERSAL
Número de la Clasificación Decimal Universal 908(460.182)(05)
130 0# - ENTRADA PRINCIPAL--TÍTULO UNIFORME
Título uniforme Boletín de la Comisión Provincial de Monumentos y de la Institución Fernán González de la Ciudad de Burgos.
9 (RLIN) 34026
245 10 - MENCIÓN DEL TÍTULO
Título Boletín de la Comisión Provincial de Monumentos y de la Institución Fernán González de la Ciudad de Burgos.
260 ## - PUBLICACIÓN, DISTRIBUCIÓN, ETC.
Lugar de publicación, distribución, etc. Burgos :
Nombre del editor, distribuidor, etc. [s.n.],
Fecha de publicación, distribución, etc. 1948-1951.
300 ## - DESCRIPCIÓN FÍSICA
Extensión 13 v. ;
Dimensiones 24 cm.
310 ## - PERIODICIDAD ACTUAL
Periodicidad actual Trimestral
362 0# - FECHAS DE PUBLICACIÓN Y/O DESIGNACIÓN SECUENCIAL
Fecha de publicación y/o designación secuencial N.103 (1948)-n.115 (1951)
500 ## - NOTA GENERAL
Nota general Comprende: 1948-1951.
500 ## - NOTA GENERAL
Nota general Contiene: (1948), n.103-105; (1949), n.106-109; (1950), n.110-113; (1951), n.114-115.
580 ## - NOTA DE RELACIÓN COMPLEJA
Nota de relación compleja Es continuación de: Boletín de la Institución Fernán González y de la Comisión Provincial de Monumentos Históricos y Artísticos de Burgos.
580 ## - NOTA DE RELACIÓN COMPLEJA
Nota de relación compleja Continuada por: Boletín de la Institución Fernán González de la ciudad de Burgos.
590 ## - NOTA LOCAL (RLIN)
Nota local revistas_001
651 ## - PUNTO DE ACCESO ADICIONAL DE MATERIA--NOMBRE GEOGRÁFICO
Nombre geográfico Burgos (España)-
Subdivisión general Historia-
Subdivisión de forma Publicaciones periódicas.
9 (RLIN) 95720
710 2# - ENTRADA AGREGADA--NOMBRE DE ENTIDAD CORPORATIVA
Nombre de entidad corporativa o nombre de jurisdicción como elemento de entrada Institución Fernán González (Burgos)
9 (RLIN) 3808
710 2# - ENTRADA AGREGADA--NOMBRE DE ENTIDAD CORPORATIVA
Nombre de entidad corporativa o nombre de jurisdicción como elemento de entrada Comisión Provincial de Monumentos (
Sede del congreso/Lugar de la reunión Burgos)
9 (RLIN) 34027
852 4# - LOCALIZACIÓN
Número de control de estantería Rev-2014
Holdings
Estatus retirado Estado de pérdida Estado de daño No para préstamo Colección Biblioteca de origen Biblioteca actual Ubicación en estantería Fecha de adquisición Fuente de adquisición Total de préstamos Signatura topográfica completa Código de barras Visto por última vez Precio de reemplazo Tipo de ítem Koha
        Comisión de Monumentos Real Academia de la Bellas Artes de San Fernando Real Academia de la Bellas Artes de San Fernando Depósito 1 03/11/2004 O   Rev-2014 1054369 15/10/2024 15/10/2024 Periódicas

Powered by Koha